00481 2200181 4500001002100000005001500021008004100036020001800077035001900095041000700114082000800121090001400129100002200143245003700165260002800202300001800230650005100248INLIS00000000001330120241224114530241224||||||||| | ||| |||| || |  a979-553-121-2 0010-1224013301 aid0 a398 a398 PAN c0 aZ.Pangaduan Lubis00aCERITA RAKYAT DARI SUMATRA UTARA aJakartabGrasindoc1992 a57hlm;14x21cm 0aAdat Adat istiadat & Kebiasaan ,Etiket Folklor